[Event "Barcelona Sant Marti op-B 21st"]
[Site "Barcelona"]
[Date "2019.07.14"]
[Round "2"]
[White "Harutyunyan Grigoryan, Yuri"]
[Black "Monterrubio Polidura, Roberto"]
[Result "1-0"]
[WhiteElo "1180"]
[BlackElo "1594"]
[PlyCount "53"]
[EventDate "2019.07.13"]
[EventType "swiss"]
[EventRounds "9"]
[EventCountry "ESP"]
[SourceTitle "EXT 2020"]
[Source "ChessBase"]
[SourceDate "2019.10.17"]
[SourceVersion "1"]
[SourceVersionDate "2019.10.17"]
[SourceQuality "1"]

1. e4 c6 2. d4 d5 3. exd5 cxd5 4. Nf3 Nc6 5. Bf4 Bg4 6. Bb5 Qb6 7. Nc3 e6 8. a3 Nf6 9. Qd3 Bf5 10. Qe2 Be7 11. 0-0 0-0 12. h3 Ne4 13. Bxc6 Qxc6 14. Nxe4 Bxe4 15. Rac1 b5 16. Rfe1 b4 17. c4 bxc3 18. Rxc3 Qb7 19. Rc7 Qb3 20. Rxe7 Rfc8 21. Rc1 Rxc1+ 22. Bxc1 Rc8 23. Bf4 Qb6 24. Ng5 f6 25. Nxe6 g5 26. Qh5 Rc1+ 27. Bxc1 1-0